000 00603 a2200205 4500
001 61711
005 20260407155907.0
008 260407a1972 arg spa d
003 AR-UNSa-BCEJYS
040 _aAR-UNSa-BCEJYS
_bspa
_cAR-UNSa-BCEJYS
080 _a347.72
_xSociedades comerciales
245 1 0 _aManual para la formación de sociedades comerciales
_pEstatutos. Contratos
264 1 _aBuenos Aires :
_bCangallo
_c1972
300 _a225 p.
_c22 cm.
041 _aspa
942 _cBK
590 _aniveau_biblio:m niveau_hierar:0
100 1 _aCasabal, Carlos María
700 1 _aSturla, Oscar
999 _c7371
_d7371